[Event "Donskoj"]
[Site "Donskoj"]
[Date "2007.07.14"]
[Round "10"]
[White "Simantsev, Mikhail"]
[Black "Bairachny, Ruslan"]
[Result "1-0"]
[WhiteElo "2450"]
[BlackElo "2161"]
[PlyCount "51"]
[EventDate "2007.07.09"]
[EventType "tourn"]
[EventRounds "13"]
[EventCountry "RUS"]
[EventCategory "4"]
[SourceTitle "EXT 2009"]
[Source "ChessBase"]
[SourceDate "2008.11.26"]
[SourceVersion "1"]
[SourceVersionDate "2008.11.26"]
[SourceQuality "1"]

1. d4 Nf6 2. c4 g6 3. Nc3 Bg7 4. e4 d6 5. f4 0-0 6. Nf3 c5 7. d5 e6 8. Be2 exd5 9. cxd5 Re8 10. e5 dxe5 11. fxe5 Ng4 12. Bg5 Qb6 13. 0-0 Nxe5 14. d6 Nbc6 15. Nd5 Qxb2 16. Nxe5 Nxe5 17. Nf6+ Bxf6 18. Bxf6 Bf5 19. Rxf5 gxf5 20. d7 Red8 21. Kh1 Rxd7 22. Qe1 Rd6 23. Qg3+ Kf8 24. Qg7+ Ke8 25. Bxe5 Qxe2 26. Bxd6 1-0

[Event "Donskoj"]
[Site "Donskoj"]
[Date "2007.07.13"]
[Round "8"]
[White "Castaneda, Georgui"]
[Black "Bairachny, Ruslan"]
[Result "1-0"]
[WhiteElo "2457"]
[BlackElo "2161"]
[PlyCount "95"]
[EventDate "2007.07.09"]
[EventType "tourn"]
[EventRounds "13"]
[EventCountry "RUS"]
[EventCategory "4"]
[SourceTitle "EXT 2009"]
[Source "ChessBase"]
[SourceDate "2008.11.26"]
[SourceVersion "1"]
[SourceVersionDate "2008.11.26"]
[SourceQuality "1"]

1. d4 d5 2. Nf3 Nf6 3. c4 dxc4 4. e3 e6 5. Bxc4 Bb4+ 6. Bd2 Bxd2+ 7. Nbxd2 0-0 8. 0-0 a6 9. Qc2 Nbd7 10. Be2 Re8 11. Rfc1 c6 12. Nc4 Qc7 13. b4 Nd5 14. Rab1 f6 15. Bd3 Nf8 16. g3 Rd8 17. e4 Ne7 18. Ne3 Kh8 19. Bc4 Bd7 20. Qb3 b5 21. Be2 Be8 22. Ng2 Qd7 23. Nf4 Neg6 24. Nd3 Bf7 25. Qc2 Ne7 26. a4 Qc7 27. a5 Nd7 28. Qd2 Qd6 29. Qe3 e5 30. dxe5 Nxe5 31. Nfxe5 fxe5 32. Rc5 Ng6 33. h4 Bc4 34. Rd1 Qe6 35. h5 Bxd3 36. Rxd3 Rxd3 37. Qxd3 Ne7 38. Qc3 Rf8 39. Qxe5 Qf7 40. f4 Re8 41. h6 Kg8 42. Qxg7+ Qxg7 43. hxg7 Kxg7 44. Kf2 Rd8 45. Ke3 Rd6 46. Re5 Kf6 47. Bh5 Rd8 48. Rc5 1-0

[Event "Donskoj"]
[Site "Donskoj"]
[Date "2007.07.11"]
[Round "5"]
[White "Bairachny, Ruslan"]
[Black "Sotnikov, Alexey"]
[Result "1/2-1/2"]
[WhiteElo "2161"]
[BlackElo "2340"]
[PlyCount "49"]
[EventDate "2007.07.09"]
[EventType "tourn"]
[EventRounds "13"]
[EventCountry "RUS"]
[EventCategory "4"]
[SourceTitle "EXT 2009"]
[Source "ChessBase"]
[SourceDate "2008.11.26"]
[SourceVersion "1"]
[SourceVersionDate "2008.11.26"]
[SourceQuality "1"]

1. e4 e6 2. d4 d5 3. exd5 exd5 4. Bd3 Bd6 5. Ne2 Ne7 6. 0-0 0-0 7. Bf4 Bf5 8. Bxd6 Qxd6 9. Bxf5 Nxf5 10. Qd3 Qf6 11. Nd2 c6 12. c3 Re8 13. Ng3 Nh4 14. Rae1 Nd7 15. Re3 Re6 16. Rfe1 Rae8 17. Rxe6 Rxe6 18. Rxe6 Qxe6 19. Qe3 Qxe3 20. fxe3 f5 21. Nf3 Nxf3+ 22. gxf3 g6 23. Kf2 Kf7 24. h4 Nf6 25. Ne2 1/2-1/2

[Event "Donskoj"]
[Site "Donskoj"]
[Date "2007.07.09"]
[Round "1"]
[White "Gusev, Aleksey"]
[Black "Bairachny, Ruslan"]
[Result "1-0"]
[WhiteElo "2388"]
[BlackElo "2161"]
[PlyCount "39"]
[EventDate "2007.07.09"]
[EventType "tourn"]
[EventRounds "13"]
[EventCountry "RUS"]
[EventCategory "4"]
[SourceTitle "EXT 2009"]
[Source "ChessBase"]
[SourceDate "2008.11.26"]
[SourceVersion "1"]
[SourceVersionDate "2008.11.26"]
[SourceQuality "1"]

1. g3 e5 2. Bg2 d5 3. d3 Nf6 4. Nf3 Nc6 5. 0-0 Be7 6. c3 0-0 7. Qc2 Bf5 8. Nbd2 e4 9. dxe4 dxe4 10. Nh4 Be6 11. Nxe4 Nd5 12. Nf3 f5 13. Neg5 Bd7 14. Qb3 Bc8 15. Rd1 Bxg5 16. Bxg5 Nce7 17. c4 Qd6 18. cxd5 Ng6 19. Nd4 Bd7 20. Ne6 1-0

[Event "Tula Suetin Memorial op"]
[Site "Tula"]
[Date "2002.??.??"]
[Round "1"]
[White "Dvalishvili, Pavel S"]
[Black "Bairachny, Ruslan"]
[Result "1/2-1/2"]
[WhiteElo "2427"]
[BlackElo "2450"]
[PlyCount "45"]
[EventDate "2002.03.23"]
[EventType "swiss"]
[EventRounds "9"]
[EventCountry "RUS"]
[SourceTitle "CBM 087 Extra"]
[Source "ChessBase"]
[SourceDate "2002.05.03"]
[SourceVersion "2"]
[SourceVersionDate "2002.08.09"]
[SourceQuality "1"]

1. d4 Nf6 2. c4 e6 3. Nf3 b6 4. g3 Ba6 5. b3 Bb4+ 6. Bd2 Be7 7. Bg2 c6 8. 0-0 d5 9. Ne5 Nfd7 10. Nxd7 Nxd7 11. Bc3 0-0 12. Nd2 Rc8 13. e4 b5 14. Re1 dxc4 15. bxc4 bxc4 16. Qa4 Bb5 17. Qc2 Re8 18. a4 Ba6 19. Rad1 Bf8 20. Nf1 c5 21. d5 exd5 22. Rxd5 Bb7 23. Rd2 1/2-1/2

[Event "Voronezh op 5th"]
[Site "Voronezh"]
[Date "2001.06.16"]
[Round "5"]
[White "Kotenko, Pavel"]
[Black "Bairachny, Ruslan"]
[Result "1/2-1/2"]
[WhiteElo "2306"]
[BlackElo "2428"]
[PlyCount "49"]
[EventDate "2001.06.12"]
[EventType "swiss"]
[EventRounds "9"]
[EventCountry "RUS"]
[SourceTitle "EXT 2002"]
[Source "ChessBase"]
[SourceDate "2001.11.25"]
[SourceVersion "1"]
[SourceVersionDate "2001.11.25"]
[SourceQuality "1"]

1. e4 c5 2. Nf3 e6 3. d4 cxd4 4. Nxd4 Nc6 5. Nb5 d6 6. Bf4 e5 7. Be3 a6 8. N5c3 Nf6 9. Bc4 Be6 10. Nd5 Bxd5 11. Bxd5 Ne7 12. Nc3 Nexd5 13. Nxd5 Nxd5 14. Qxd5 Qc7 15. 0-0 Qc6 16. Rfd1 Rc8 17. Rac1 Qxd5 18. Rxd5 Rc4 19. f3 Be7 20. b3 Rc6 21. c4 Kd7 22. Kf2 Re8 23. Ke2 Bd8 24. Kd3 Bf6 25. Bb6 1/2-1/2

[Event "Tula1"]
[Site "Tula"]
[Date "2001.??.??"]
[Round "8"]
[White "Arbakov, Valentin"]
[Black "Bairachny, Ruslan"]
[Result "1/2-1/2"]
[WhiteElo "2483"]
[BlackElo "2426"]
[PlyCount "53"]
[EventDate "2001.??.??"]
[EventType "tourn"]
[EventRounds "11"]
[EventCountry "RUS"]
[EventCategory "8"]
[SourceTitle "EXT 2002"]
[Source "ChessBase"]
[SourceDate "2001.11.25"]
[SourceVersion "1"]
[SourceVersionDate "2001.11.25"]
[SourceQuality "1"]

1. e4 c6 2. d4 d5 3. Nc3 dxe4 4. Nxe4 Bf5 5. Ng3 Bg6 6. h4 h6 7. Nf3 Nd7 8. h5 Bh7 9. Bd3 Bxd3 10. Qxd3 Qc7 11. Bd2 e6 12. 0-0-0 Ngf6 13. Ne4 0-0-0 14. g3 Nxe4 15. Qxe4 Bd6 16. c4 c5 17. d5 Nf6 18. Qc2 exd5 19. cxd5 Rhe8 20. Bc3 Qd7 21. Bxf6 gxf6 22. Nh4 Re5 23. f4 Rxh5 24. Qe2 Rxd5 25. Rxd5 Bxf4+ 26. gxf4 Qxd5 27. Rd1 1/2-1/2

[Event "Tula1"]
[Site "Tula"]
[Date "2001.??.??"]
[Round "9"]
[White "Bairachny, Ruslan"]
[Black "Igriashvili, Zurab"]
[Result "1/2-1/2"]
[WhiteElo "2426"]
[BlackElo "2400"]
[PlyCount "28"]
[EventDate "2001.??.??"]
[EventType "tourn"]
[EventRounds "11"]
[EventCountry "RUS"]
[EventCategory "8"]
[SourceTitle "EXT 2002"]
[Source "ChessBase"]
[SourceDate "2001.11.25"]
[SourceVersion "1"]
[SourceVersionDate "2001.11.25"]
[SourceQuality "1"]

1. Nf3 d5 2. d4 c5 3. c4 cxd4 4. cxd5 Nf6 5. Qa4+ Qd7 6. Qxd4 Qxd5 7. Nc3 Qxd4 8. Nxd4 e5 9. Ndb5 Na6 10. e4 Be6 11. Be3 Bb4 12. f3 0-0 13. Nxa7 Nc5 14. Bxc5 Bxc5 1/2-1/2

[Event "Moscow-ch"]
[Site "Moscow"]
[Date "2001.??.??"]
[Round "6"]
[White "Bairachny, Ruslan"]
[Black "Leontiev, Aleksandr V"]
[Result "1-0"]
[WhiteElo "2426"]
[BlackElo "2346"]
[PlyCount "97"]
[EventDate "2001.??.??"]
[EventType "swiss"]
[EventRounds "9"]
[EventCountry "RUS"]
[SourceTitle "EXT 2002"]
[Source "ChessBase"]
[SourceDate "2001.11.25"]
[SourceVersion "1"]
[SourceVersionDate "2001.11.25"]
[SourceQuality "1"]

1. Nf3 Nf6 2. c4 g6 3. Nc3 d5 4. cxd5 Nxd5 5. Qa4+ Bd7 6. Qh4 Nxc3 7. dxc3 Nc6 8. Qg3 Bg7 9. e4 e5 10. Bc4 Qe7 11. Qg5 f6 12. Qh4 0-0-0 13. Be3 Be6 14. Nd2 Bxc4 15. Nxc4 Qe6 16. Nd2 f5 17. Qh3 Qd7 18. exf5 gxf5 19. 0-0-0 Qe6 20. Bg5 Bf6 21. Bxf6 Qxf6 22. Ne4 Qg6 23. Ng3 Ne7 24. Qh4 Nc6 25. f4 Qf7 26. Kb1 Qc4 27. Qg5 exf4 28. Qxf5+ Kb8 29. Qe4 Qxe4+ 30. Nxe4 Rde8 31. Rhe1 Re6 32. Nc5 Rg6 33. Rd2 b6 34. Nd3 Rd8 35. Kc2 Rh6 36. h3 f3 37. Rh1 fxg2 38. Rxg2 Rh4 39. Rg3 Rd6 40. Re1 Rg6 41. Ree3 Rxg3 42. Rxg3 a5 43. b3 Ne7 44. Kd2 Kb7 45. Nf2 Rf4 46. Nd3 Rh4 47. Rf3 Nc8 48. Ke3 Nd6 49. Ne5 1-0

[Event "Tula1"]
[Site "Tula"]
[Date "2001.??.??"]
[Round "11"]
[White "Bairachny, Ruslan"]
[Black "Savon, Vladimir A"]
[Result "0-1"]
[WhiteElo "2426"]
[BlackElo "2448"]
[PlyCount "72"]
[EventDate "2001.??.??"]
[EventType "tourn"]
[EventRounds "11"]
[EventCountry "RUS"]
[EventCategory "8"]
[SourceTitle "EXT 2002"]
[Source "ChessBase"]
[SourceDate "2001.11.25"]
[SourceVersion "1"]
[SourceVersionDate "2001.11.25"]
[SourceQuality "1"]

1. e4 e5 2. Nf3 Nc6 3. Bb5 a6 4. Ba4 Nf6 5. 0-0 Be7 6. Re1 b5 7. Bb3 0-0 8. c3 d6 9. d4 Bg4 10. Be3 exd4 11. cxd4 Na5 12. Bc2 c5 13. dxc5 dxc5 14. Nbd2 Nc6 15. Qe2 Qc7 16. h3 Bh5 17. a4 c4 18. Rec1 Rfd8 19. Qe1 Bb4 20. axb5 axb5 21. Rxa8 Rxa8 22. Ra1 Rd8 23. Qb1 h6 24. Ra6 Nd7 25. Ra1 Nc5 26. Kh1 Qd6 27. Kg1 Qe6 28. Qf1 Bg6 29. Bxc5 Bxc5 30. Bb1 Ne5 31. Kh1 Bb4 32. Qe2 Bh5 33. Qe3 Qf6 34. Ba2 Rd3 35. Qa7 Bxf3 36. Nxf3 Nxf3 0-1

[Event "Tula1"]
[Site "Tula"]
[Date "2001.??.??"]
[Round "7"]
[White "Bairachny, Ruslan"]
[Black "Tishin, Petr"]
[Result "0-1"]
[WhiteElo "2426"]
[BlackElo "2445"]
[PlyCount "80"]
[EventDate "2001.??.??"]
[EventType "tourn"]
[EventRounds "11"]
[EventCountry "RUS"]
[EventCategory "8"]
[SourceTitle "EXT 2002"]
[Source "ChessBase"]
[SourceDate "2001.11.25"]
[SourceVersion "1"]
[SourceVersionDate "2001.11.25"]
[SourceQuality "1"]

1. Nf3 Nc6 2. d4 d5 3. g3 Bf5 4. Bg2 Nb4 5. Na3 e6 6. c3 Nc6 7. Qb3 Rb8 8. Nh4 Bg4 9. h3 Bh5 10. e4 dxe4 11. Bxe4 Nf6 12. Bg5 Be7 13. Bg2 0-0 14. 0-0 h6 15. Bxf6 Bxf6 16. Nf3 b5 17. Nd2 Na5 18. Qb4 Nc4 19. Naxc4 bxc4 20. Qc5 Be2 21. Rfe1 Bd3 22. b3 cxb3 23. axb3 a6 24. b4 Rb5 25. Qc6 e5 26. Re3 Bg6 27. Nf3 exd4 28. Nxd4 Bxd4 29. cxd4 Rxb4 30. d5 Rb6 31. Qc4 Qd6 32. Rc3 Rc8 33. Bf1 Rcb8 34. Qxc7 Qxd5 35. Rxa6 Rb1 36. Rc1 Rxc1 37. Qxc1 Rb1 38. Qc8+ Kh7 39. Ra8 Rxf1+ 40. Kxf1 Qd1+ 0-1

[Event "Donskoj"]
[Site "Donskoj"]
[Date "2001.??.??"]
[Round "4"]
[White "Brikov, Illarion"]
[Black "Bairachny, Ruslan"]
[Result "1-0"]
[WhiteElo "2355"]
[BlackElo "2426"]
[PlyCount "102"]
[EventDate "2001.??.??"]
[EventType "tourn"]
[EventRounds "11"]
[EventCountry "RUS"]
[EventCategory "4"]
[SourceTitle "EXT 2002"]
[Source "ChessBase"]
[SourceDate "2001.11.25"]
[SourceVersion "1"]
[SourceVersionDate "2001.11.25"]
[SourceQuality "1"]

1. e4 c5 2. Nf3 e6 3. d4 cxd4 4. Nxd4 Nc6 5. Nb5 d6 6. c4 Nf6 7. N1c3 a6 8. Na3 b6 9. Be2 Bb7 10. Be3 Nb8 11. f3 Nbd7 12. 0-0 Be7 13. Qd2 0-0 14. Rfd1 Rc8 15. Bf1 Qc7 16. Rac1 Qb8 17. Kh1 Kh8 18. Nc2 Rg8 19. b3 h6 20. Ne1 g5 21. Bd4 Rg6 22. Bd3 Kg7 23. e5 dxe5 24. Bg1 Ba3 25. Rc2 e4 26. Nxe4 Nxe4 27. Bxe4 Bxe4 28. fxe4 Ne5 29. Qc3 Rf6 30. Rf2 Be7 31. Nf3 Nxf3 32. Rxf3 g4 33. Rg3 Qf4 34. Bd4 Rd8 35. Bxf6+ Bxf6 36. Qe1 Qxe4 37. h3 Qxe1+ 38. Rxe1 h5 39. Rge3 Bg5 40. Re5 Kg6 41. hxg4 hxg4 42. g3 Bf6 43. R5e4 Kg5 44. Kg2 Bc3 45. R1e2 Rd6 46. a3 a5 47. R2e3 Rd2+ 48. Re2 Rd6 49. Rc2 Bd4 50. b4 e5 51. Re1 f5 1-0

[Event "Donskoj"]
[Site "Donskoj"]
[Date "2001.??.??"]
[Round "6"]
[White "Vasiliev, Vladimir P"]
[Black "Bairachny, Ruslan"]
[Result "0-1"]
[WhiteElo "2416"]
[BlackElo "2426"]
[PlyCount "116"]
[EventDate "2001.??.??"]
[EventType "tourn"]
[EventRounds "11"]
[EventCountry "RUS"]
[EventCategory "4"]
[SourceTitle "EXT 2002"]
[Source "ChessBase"]
[SourceDate "2001.11.25"]
[SourceVersion "1"]
[SourceVersionDate "2001.11.25"]
[SourceQuality "1"]

1. d4 d5 2. Nf3 e6 3. Bg5 Nf6 4. e3 c5 5. c3 Nc6 6. Nbd2 h6 7. Bh4 Be7 8. Bd3 Qb6 9. Rb1 0-0 10. Ne5 cxd4 11. Nxc6 bxc6 12. cxd4 c5 13. dxc5 Qxc5 14. 0-0 e5 15. Bg3 Bd6 16. Qa4 Bd7 17. Qa6 Bc8 18. Qa4 Bd7 19. Qa6 Rac8 20. Nb3 Qb6 21. Qxb6 axb6 22. Rfc1 Nh5 23. Bh4 g5 24. Be2 Nf6 25. Bg3 Ne4 26. Rxc8 Rxc8 27. f3 Nxg3 28. hxg3 Ra8 29. Rd1 Be6 30. a3 d4 31. Na1 Bc5 32. b4 Bf8 33. exd4 exd4 34. Rxd4 Rc8 35. Kh2 Bg7 36. Rd1 Rc3 37. Rd8+ Bf8 38. Rd3 Rc1 39. Nb3 Re1 40. Nd4 Bd5 41. Rd1 Rxd1 42. Bxd1 Bc4 43. Bc2 h5 44. Kh3 Bg7 45. Nc6 Bb5 46. Ne7+ Kf8 47. Nd5 Bd4 48. g4 Bc4 49. Nc7 h4 50. f4 gxf4 51. Be4 Ke7 52. Kxh4 Kd6 53. Na8 b5 54. Kg5 Be3 55. Bf3 Bd5 56. Kf6 Bd4+ 57. Kf5 Bxf3 58. gxf3 Kc6 0-1

[Event "Tula-A"]
[Site "Tula"]
[Date "2000.??.??"]
[Round "12"]
[White "Afromeev, Vladimir"]
[Black "Bairachny, Ruslan"]
[Result "1/2-1/2"]
[WhiteElo "2405"]
[BlackElo "2442"]
[PlyCount "88"]
[EventDate "2000.12.??"]
[EventType "tourn"]
[EventRounds "13"]
[EventCountry "RUS"]
[EventCategory "4"]
[SourceTitle "CBM 079 Extra"]
[Source "ChessBase"]
[SourceDate "2001.01.11"]
[SourceVersion "2"]
[SourceVersionDate "2001.01.25"]
[SourceQuality "1"]

1. e4 c5 2. c3 d5 3. exd5 Qxd5 4. d4 Nf6 5. Nf3 e6 6. Be2 Nc6 7. 0-0 cxd4 8. cxd4 Be7 9. Nc3 Qd6 10. Nb5 Qd8 11. Bf4 Nd5 12. Bg3 a6 13. Nc3 0-0 14. Rc1 Nxc3 15. bxc3 Bf6 16. Rb1 Qa5 17. Qc2 Rd8 18. Bd3 h6 19. Bh7+ Kh8 20. Be4 Ra7 21. Nd2 Qh5 22. Rb2 e5 23. Bxc6 bxc6 24. Ne4 Bf5 25. Nxf6 Qg6 26. Qa4 exd4 27. Qxc6 Qxf6 28. Qxf6 gxf6 29. cxd4 Rxd4 30. f3 Rad7 31. Rb6 Kg7 32. a3 a5 33. Rc6 Be6 34. Rfc1 Rd3 35. R6c3 Rxc3 36. Rxc3 Rd1+ 37. Kf2 Rd2+ 38. Kf1 a4 39. Bf4 Ra2 40. h4 h5 41. Bd6 Rd2 42. Bb4 Kg6 43. Rc5 Rb2 44. Kg1 f5 1/2-1/2

[Event "Tula-B"]
[Site "Tula"]
[Date "2000.??.??"]
[Round "7"]
[White "Bairachny, Ruslan"]
[Black "Geller, Jakov"]
[Result "1/2-1/2"]
[WhiteElo "2442"]
[BlackElo "2258"]
[PlyCount "51"]
[EventDate "2000.??.??"]
[EventType "tourn"]
[EventRounds "11"]
[EventCountry "RUS"]
[EventCategory "3"]
[SourceTitle "CBM 079 Extra"]
[Source "ChessBase"]
[SourceDate "2001.01.11"]
[SourceVersion "2"]
[SourceVersionDate "2001.01.25"]
[SourceQuality "1"]

1. d4 d5 2. c4 e6 3. Nf3 c6 4. Nc3 dxc4 5. a4 Bb4 6. e3 b5 7. Bd2 Bb7 8. axb5 Bxc3 9. Bxc3 cxb5 10. b3 a5 11. bxc4 b4 12. Bb2 Nf6 13. Bd3 Nbd7 14. 0-0 Qc7 15. Re1 0-0 16. e4 e5 17. c5 exd4 18. Rc1 Ne5 19. Nxe5 Qxe5 20. c6 Ba6 21. Bxa6 Rxa6 22. Bxd4 Qe6 23. c7 Rc8 24. Qa4 Ne8 25. Rc5 f6 26. Rec1 1/2-1/2

[Event "Tula"]
[Site "Tula"]
[Date "2000.??.??"]
[Round "7"]
[White "Bairachny, Ruslan"]
[Black "Igriashvili, Zurab"]
[Result "1-0"]
[WhiteElo "2440"]
[BlackElo "2425"]
[PlyCount "80"]
[EventDate "2000.??.??"]
[EventType "tourn"]
[EventRounds "15"]
[EventCountry "RUS"]
[EventCategory "5"]
[SourceTitle "EXT 2001"]
[Source "ChessBase"]
[SourceDate "2000.11.22"]
[SourceVersion "1"]
[SourceVersionDate "2000.11.22"]
[SourceQuality "1"]

1. d4 Nf6 2. c4 c5 3. d5 e5 4. Nc3 d6 5. e4 g6 6. Nf3 Bg7 7. h3 Nh5 8. g3 0-0 9. Bg2 a6 10. a4 b6 11. 0-0 Ra7 12. Ne1 h6 13. Kh2 Kh7 14. Be3 Qe8 15. Bf3 Nf6 16. Nd3 Nfd7 17. g4 Qe7 18. Rg1 Bf6 19. Qd2 Bg5 20. Rg3 Rh8 21. a5 bxa5 22. Rxa5 Rb7 23. Be2 Qd8 24. Ra1 Kg7 25. Rf1 Nf8 26. f4 exf4 27. Bxf4 Bxf4 28. Qxf4 g5 29. Qf2 Ng6 30. e5 Nxe5 31. Nxe5 dxe5 32. Rf3 Rf8 33. Ne4 Qe7 34. Bd3 Nd7 35. Ng3 Kg8 36. Nf5 Qf6 37. Be4 Rb6 38. d6 Kh8 39. Ne7 Qxd6 40. Rxf7 Qxe7 1-0

[Event "Tula-B"]
[Site "Tula"]
[Date "2000.??.??"]
[Round "9"]
[White "Bairachny, Ruslan"]
[Black "Maly, Alexey"]
[Result "1-0"]
[WhiteElo "2442"]
[BlackElo "2386"]
[PlyCount "61"]
[EventDate "2000.??.??"]
[EventType "tourn"]
[EventRounds "11"]
[EventCountry "RUS"]
[EventCategory "3"]
[SourceTitle "CBM 079 Extra"]
[Source "ChessBase"]
[SourceDate "2001.01.11"]
[SourceVersion "2"]
[SourceVersionDate "2001.01.25"]
[SourceQuality "1"]

1. d4 Nf6 2. c4 c5 3. d5 b5 4. cxb5 a6 5. b6 Qxb6 6. Nc3 d6 7. Nf3 g6 8. Nd2 Bg7 9. e4 0-0 10. a4 a5 11. Bb5 Ba6 12. Nc4 Qd8 13. Bg5 Nbd7 14. 0-0 Ne8 15. f4 f5 16. e5 Bxb5 17. axb5 dxe5 18. d6 Nxd6 19. Nxd6 h6 20. Qd5+ Kh7 21. Nb7 Qe8 22. Bh4 Rc8 23. Rad1 Rc7 24. Nxa5 exf4 25. Rfe1 g5 26. Bf2 e5 27. Qd6 Ra7 28. b6 Rxa5 29. Qxd7 Qh5 30. Rxe5 Qg4 31. h3 1-0

[Event "Voronezh op-A"]
[Site "Voronezh"]
[Date "2000.??.??"]
[Round "4"]
[White "Bairachny, Ruslan"]
[Black "Shtyka, Sergey"]
[Result "1/2-1/2"]
[WhiteElo "2440"]
[BlackElo "2295"]
[PlyCount "102"]
[EventDate "2000.06.??"]
[EventType "swiss"]
[EventRounds "9"]
[EventCountry "RUS"]
[SourceTitle "EXT 2001"]
[Source "ChessBase"]
[SourceDate "2000.11.22"]
[SourceVersion "1"]
[SourceVersionDate "2000.11.22"]
[SourceQuality "1"]

1. d4 Nf6 2. c4 c5 3. d5 e6 4. Nc3 exd5 5. cxd5 d6 6. e4 g6 7. Nf3 a6 8. a4 Bg4 9. Be2 Bxf3 10. Bxf3 Bg7 11. Qb3 Qc7 12. e5 dxe5 13. d6 Qd7 14. Bg5 0-0 15. Bxf6 Bxf6 16. Ne4 Bd8 17. 0-0 Ra7 18. Rfd1 b6 19. a5 Qb5 20. axb6 Bxb6 21. Qd5 c4 22. Qxb5 axb5 23. Rxa7 Bxa7 24. Rd5 b4 25. Be2 Bd4 26. Bxc4 Bxb2 27. Rb5 Bc3 28. Ng5 Nc6 29. Nxf7 Rxf7 30. Rb7 Nd8 31. Rb8 Kg7 32. Bxf7 Nxf7 33. d7 b3 34. d8Q Nxd8 35. Rxd8 b2 36. Rb8 Kf6 37. Kf1 Kf5 38. Ke2 Ke4 39. Rb7 Kd4 40. h4 Kc4 41. Kd1 Kd3 42. g4 h5 43. gxh5 gxh5 44. Rb8 Bd4 45. Rb3+ Ke4 46. Kc2 Kf4 47. Rg3 Bxf2 48. Rg5 e4 49. Rxh5 e3 50. Rh8 e2 51. Rf8+ Kg3 1/2-1/2

[Event "Tula"]
[Site "Tula"]
[Date "2000.??.??"]
[Round "13"]
[White "Bairachny, Ruslan"]
[Black "Vasiliev, Vladimir P"]
[Result "1/2-1/2"]
[WhiteElo "2440"]
[BlackElo "2397"]
[PlyCount "88"]
[EventDate "2000.??.??"]
[EventType "tourn"]
[EventRounds "15"]
[EventCountry "RUS"]
[EventCategory "5"]
[SourceTitle "EXT 2001"]
[Source "ChessBase"]
[SourceDate "2000.11.22"]
[SourceVersion "1"]
[SourceVersionDate "2000.11.22"]
[SourceQuality "1"]

1. d4 Nf6 2. c4 e6 3. Nc3 Bb4 4. f3 d5 5. a3 Bxc3+ 6. bxc3 0-0 7. cxd5 exd5 8. e3 Bf5 9. g4 Be6 10. Ne2 c5 11. Nf4 Re8 12. Bd3 Nc6 13. Kf2 cxd4 14. cxd4 Rc8 15. Bd2 a6 16. a4 Na5 17. Bxa5 Qxa5 18. Qe1 Qc7 19. g5 Nd7 20. a5 Nf8 21. h4 Qd7 22. Qb1 Rc7 23. Ra3 Re7 24. Rc1 Qd8 25. Qa1 Rxc1 26. Qxc1 Rc7 27. Rc3 Rxc3 28. Qxc3 h6 29. Nxe6 Nxe6 30. f4 g6 31. Be2 Ng7 32. Bg4 hxg5 33. Qc8 Qxc8 34. Bxc8 gxf4 35. Bxb7 Nf5 36. exf4 Nxd4 37. Bxa6 Nc6 38. Bb7 Nxa5 39. Bxd5 Kf8 40. Ke3 f5 41. Kd4 Kg7 42. h5 gxh5 43. Kc3 Kf6 44. Kb4 Ke7 1/2-1/2